Оптимизация режимов тепловой дефектоскопии теплозащитных покрытий; Техническая диагностика и неразрушающий контроль; № 3

Podrobná bibliografie
Parent link:Техническая диагностика и неразрушающий контроль: научно-технический и производственный журнал/ Национальная академия наук Украины (НАНУ), Институт электросварки им. Е. О. Патона (ИЭС) ; Международная ассоциация "Сварка".— , 1990-1993, 2001-.— 0235-3474
№ 3.— 2002.— С. 31-34
Hlavní autor: Стороженко В. А.
Další autoři: Мельник С. И., Чумаков А. Г.
Jazyk:ruština
Vydáno: 2002
Edice:Неразрушающий контроль
Témata:
Médium: Kapitola
KOHA link:https://koha.lib.tpu.ru/cgi-bin/koha/opac-detail.pl?biblionumber=384526

MARC

LEADER 00000naa2a2200000 4500
001 384526
005 20231101063245.0
035 |a (RuTPU)RU\TPU\prd\11354 
090 |a 384526 
100 |a 20030307a2002 k y0rusy50 ca 
101 0 |a rus 
102 |a un 
200 1 |a Оптимизация режимов тепловой дефектоскопии теплозащитных покрытий  |f В. А. Стороженко, С. И. Мельник, А. Г. Чумаков 
225 1 |a Неразрушающий контроль 
320 |a Библиогр.: 5 назв. 
461 1 |0 (RuTPU)RU\TPU\prd\1736  |x 0235-3474  |t Техническая диагностика и неразрушающий контроль  |o научно-технический и производственный журнал  |f Национальная академия наук Украины (НАНУ), Институт электросварки им. Е. О. Патона (ИЭС) ; Международная ассоциация "Сварка"  |d 1990-1993, 2001- 
463 1 |0 (RuTPU)RU\TPU\prd\7470  |t № 3  |v С. 31-34  |d 2002 
610 1 |a теплозащитные покрытия 
610 1 |a дефектоскопия 
610 1 |a тепловизионный контроль 
675 |a 620.179.13  |v 3 
700 1 |a Стороженко  |b В. А. 
701 1 |a Мельник  |b С. И. 
701 1 |a Чумаков  |b А. Г. 
801 1 |a RU  |b 63413507  |c 20030307  |g PSBO 
801 2 |a RU  |b 63413507  |c 20140128  |g PSBO 
942 |c BK